Vedecká konferencia Kresťanstvo na Kysuciach v priebehu storočí

Bibliographic Details
Main Author: Hudecová, Antónia, 1949- (Author)
Format: Article
Language:Slovak
ISSN:0231-6722
Subjects:

MARC

LEADER 00000nab a2200000 a 4500
001 vtls009329898
003 SK-MaSNL
005 20260305043845.0
008 250507c2008 xo |||||| | ||00 b|slo
015 |a SNBRB2008/08  |2 snkbucl 
035 |a (uuid)769b95ab-9003-4251-9257-0b66d7bbc06e 
035 |a urn:nbn:sk:snk-ab7ha7 
035 |a (urnnbn)urn:nbn:sk:snk:ar-005se8 
038 |a SNKBUCL 
040 |a SNKBUCL  |b slo  |c SNKBUCL  |e AACR2 
041 0 |a slo 
044 |a xo  |c SK 
080 |a 23/28  |x (437.6)  |x (091)  |2 1997 
080 |a 061.3  |2 1997 
080 |a 94(437.6):23/28  |x (091)  |2 1997 
100 1 |a Hudecová, Antónia,  |d 1949-  |4 aut  |9 16742 
245 1 0 |a Vedecká konferencia Kresťanstvo na Kysuciach v priebehu storočí  |c Antónia Hudecová 
610 2 7 |a Terra Kisucensis (občianske združenie)  |2 snkbucl  |9 1626674 
611 2 7 |a Kresťanstvo na Kysuciach v priebehu storočí  |d (2008 :  |c Turzovka, Slovensko)  |2 snkbucl  |9 1626675 
648 7 |a 29.2.2008  |2 snkbucl  |9 1052483 
650 0 7 |a konferencie  |2 snkbucl  |9 19221 
650 0 7 |a kresťanstvo  |2 snkbucl  |9 2024 
650 0 7 |a dejiny kresťanstva  |2 snkbucl  |9 82542 
651 7 |a Kysuce (Slovensko : región)  |2 snkbucl  |9 165903 
773 0 |t Slovenská archivistika  |g Roč. XLIII, č. 1 (2008), s. 211-212  |x 0231-6722 
850 |a Slovenská národná knižnica 
852 |a Slovenská národná knižnica 
954 |a odborná, vedecká literatúra pôvodná (slovenská)  |2 lita 
958 |a article7 
958 |a OND 
958 |a NT 
958 |a EUIPO 
999 |c 3355479  |d 3357409